Normal view
MARC view
- Bhattacary, S.C
Entry Personal Name
001 - CONTROL NUMBER
- control field: 7325
003 - CONTROL NUMBER IDENTIFIER
- control field: OSt
005 - DATE AND TIME OF LATEST TRANSACTION
- control field: 20250320160848.0
008 - FIXED-LENGTH DATA ELEMENTS
- fixed length control field: 250320|| aca||aabn | a|a d
040 ## - CATALOGING SOURCE
- Original cataloging agency: OSt
- Transcribing agency: OSt
100 ## - HEADING--PERSONAL NAME
- Personal name: Bhattacary, S.C
670 ## - SOURCE DATA FOUND
- Source citation: Work cat.: (OSt)2107: Hajra Choundhury, A K . 7324, Elements of worshop technology / , 1985.
